Mamita Garita

Uloženo v:
Podrobná bibliografie
Hlavní autor: González, Edgar
Médium: Kniha
Jazyk:Undetermined
Vydáno: San José, Costa Rica Editorial Costa Rica 1979
Témata:
Tagy: Přidat tag
Žádné tagy, Buďte první, kdo vytvoří štítek k tomuto záznamu!

MARC

LEADER 00000nam a2200000Ia 4500
008 170316s9999 xx 000 0 und d
040 |a cru BVZT 
090 |a 868 G-12.1m 
100 |a González, Edgar 
245 |a Mamita Garita 
260 |a San José, Costa Rica 
260 |b Editorial Costa Rica 
260 |c 1979 
300 |a 101 páginas 
650 |a LITERATURA COSTARRICENSE 
650 |a NOVELA 
999 |c 11067  |d 11067 
942 |c 15 D  |h 868 G-12.1m  |2 z